| 000 | 00752nmc a2200313 a 4500 | ||
|---|---|---|---|
| 003 | AR-BaBNM | ||
| 005 | 20251128205331.0 | ||
| 008 | 027019s1996 ||||||||||||||000 | spa|| | ||
| 020 | _a84-87101-09-7 | ||
| 040 | _cAR-BaBNM | ||
| 100 | 1 | _aProust, Marcel | |
| 245 | 1 | 0 | _aSobre la lectura |
| 250 | _a2ยช ed. | ||
| 260 |
_aValencia _bPre-textos _c1996 |
||
| 300 | _a68 p. | ||
| 490 | 0 | _aTextos y pretextos | |
| 650 | 4 | _aLITERATURA FRANCESA | |
| 650 | 4 | _aENSAYO | |
| 650 | 4 | _aCRITICA LITERARIA | |
| 650 | 4 | _aESCRITORES | |
| 650 | 4 | _aVIDA LITERARIA | |
| 650 | 4 | _aHISTORIA LITERARIA | |
| 653 | _aNATURALISMO | ||
| 653 | _aNARRATIVA | ||
| 655 | _aLITERATURA | ||
| 700 | 1 |
_aArranz, Manuel _etraductor |
|
| 942 | _cBK | ||
| 998 | _cMARTIN | ||
| 999 |
_c10974 _d10974 |
||